| 000 | 00644cab a22002175a 4500 | ||
|---|---|---|---|
| 001 | L157957 | ||
| 008 | 130830e20130817xxk 000 0 eng d | ||
| 035 | _a(Sirsi) u157957 | ||
| 041 | 0 | _aeng | |
| 100 | 1 | _aWaltham, Anne | |
| 245 | 0 | 0 | _aAvoiding a messy break-up |
| 260 | _c2013 | ||
| 490 |
_aEstates Gazette _v(1333) 17 August 2013, 44-46(3) |
||
| 520 | _aConsiders the issues regarding the exercise of a tenant's break clause on a commercial lease. | ||
| 590 | _aKA | ||
| 651 | 4 |
_aEngland and Wales _y1543- |
|
| 690 |
_aLandlord and tenant _96252 |
||
| 690 |
_aCommercial property _96227 |
||
| 700 | 1 | _aDowding, Nicholas | |
| 942 | _n0 | ||
| 999 |
_c84510 _d84510 |
||